[Event "Negroponte op"]
[Site "Chalkis"]
[Date "2010.08.12"]
[Round "4"]
[White "Nikolov, Momchil"]
[Black "Atalik, Suat"]
[Result "0-1"]
[WhiteElo "2552"]
[BlackElo "2607"]
[Annotator "Atalik,S"]
[PlyCount "90"]
[EventDate "2010.08.09"]
[EventType "swiss"]
[EventRounds "9"]
[EventCountry "GRE"]
[SourceTitle "CBM 137 Extra"]
[Source "ChessBase"]
[SourceDate "2010.09.01"]
[SourceVersion "1"]
[SourceVersionDate "2010.09.01"]
[SourceQuality "1"]

1. d4 d5 2. Nf3 Nf6 3. c4 e6 4. Nc3 c6 5. Bg5 h6 6. Bxf6 {The new Bulgarian
grandmaster does not like} ({the sacrificial line with} 6. Bh4 dxc4 7. e4 g5 8.
Bg3 b5 $13) 6... Qxf6 7. e3 g6 $5 {An interesting move.} (7... Nd7 8. Bd3 {
is common for a long time.} dxc4 (8... g6 9. e4 (9. cxd5 exd5 10. O-O Bg7 11.
b4 Qd6 (11... O-O 12. b5 Qd6 13. bxc6 bxc6 14. Rc1 Nb6 15. Na4 Nxa4 16. Qxa4
Bd7 17. Rc5 Rfb8 18. Rfc1 Rb6 $14) 12. Qb3 Nb6 $1 13. a4 Be6 14. Nd2 O-O 15.
Rfc1 Nd7 $1 $14) 9... dxc4 (9... dxe4 $6 10. Nxe4 Bb4+ 11. Ke2 Qd8 12. c5 O-O
13. h4 $40) 10. e5 Qe7 11. Bxc4 Bg7 12. O-O O-O {leads to one of the key
position in Moscow line.} 13. Re1 (13. Qe2 b6 (13... b5 14. Bd3 Bb7 (14... b4
$2 15. Na4 c5 16. Rac1 cxd4 17. Qe4 Rb8 18. Rc7 Qd8 19. Rfc1 $16 {known to be
unpleasant for Black.}) 15. Be4 Rab8 16. Rac1 c5 17. Bxb7 Rxb7 18. d5 exd5 19.
Nxd5 Qe6 20. Qe4 Rbb8 21. Rfe1 g5 22. b3 $14 {and White keeps the pressure.}) (
13... Nb6 $6 14. Bb3 c5 15. dxc5 Qxc5 16. Ne4 Qe7 17. Nd6 Bd7 18. Rac1 Bc6 19.
Nd4 Bd5 20. f4 $16) 14. Rfe1) 13... Rd8 (13... b5 14. Bd3 Bb7 15. Be4 Rab8 16.
Qe2 $14) 14. Qe2 b6 15. Rad1 Rb8 (15... Bb7 16. Ba6) (15... a5 16. Bd3 Bb7 17.
Be4 b5 18. h4 $1 Nb6 19. Bb1 $16) 16. Bd3 $1 Bb7 17. Be4 {Black did not score
well in this position.} Nf8 (17... c5 18. Bxb7 Rxb7 19. Qe4 Rbb8 20. d5 exd5
21. Nxd5 Qe6 22. Rd2 $16) 18. h4 {and White does well.}) 9. Bxc4 g6 10. O-O Bg7
(10... Qe7 $5 {My extravaganza did not find many adherents.} 11. e4 Bg7 {
goes to regular lines.} (11... e5 12. d5)) 11. e4 (11. Re1 O-O 12. e4 e5 13. d5
Nb6 14. Bb3 Bg4 15. Re3 Rfd8 16. Qe2 $14) 11... e5 12. d5 Nb6 13. Bb3 Bg4 14.
Rc1 $14 {and it is very iffy if White proves any advantage here.}) 8. Bd3 $5 {
A bold move.} (8. Rc1 Nd7 $8 9. Bd3 dxc4 10. Bxc4 Bg7 11. O-O (11. b4 O-O 12.
O-O Qe7 13. Qb3 b6 $11) 11... O-O 12. e4 Qe7 13. e5 c5 $132) (8. Be2 $5 {
The most logical continuation in which the communication between Qd1 and d4 is
not broken.} Bg7 9. O-O O-O 10. e4 dxe4 11. Nxe4 Qf4 (11... Qe7 12. Qc2) 12.
Qc2 Nd7 13. c5 b6 $5 (13... e5 $2 14. g3 Qf5 15. Nh4 Qh3 16. Bc4 exd4 17. Nxg6
Ne5 18. Nxe5 Bxe5 19. f4 Bg7 20. Nd6 $16) 14. Rfd1 Rb8 15. Rab1 bxc5 16. Nxc5
$14) 8... Bg7 9. O-O O-O 10. e4 dxe4 11. Nxe4 Qd8 $1 {Now White has some
problems with his center.} 12. Qd2 $6 ({White should sacrifice a pawn.} 12. c5
$1 Bxd4 13. Nxd4 Qxd4 14. Qc2 Nd7 15. Rad1 Qg7 16. Be2 Nf6 17. Nxf6+ Qxf6 18.
Rd6 b6 19. Rfd1 $44) 12... f5 $17 ({There is no need to swim in muddy waters
with} 12... e5 13. dxe5 Bg4 14. Ne1 Nd7 (14... Bxe5 $2 15. Qxh6 Bg7 16. Qf4 $16
) (14... Qd4 $2 15. Qf4 Qxb2 16. Rb1 $18) 15. f4 f6 16. h3 Be6 17. exf6 Qb6+
18. Qf2 Nxf6 19. Nc5 Bf7 $44) 13. Ng3 (13. Nc3 g5 $1 $36) 13... c5 $1 14. d5 $5
(14. dxc5 e5 15. Qe2 Nc6 $17 {and the center rolls.}) 14... e5 $1 (14... exd5
15. cxd5 Qxd5 16. Qe2 Kh7 {is also possible but I wanted to grab the center.})
15. Ne1 e4 16. Be2 Nc6 $1 17. f4 (17. f3 e3 18. Qd3 Nd4 $17) 17... h5 $1 18.
Bd1 Qa5 19. Qc1 Nd4 (19... Nd8 $5 20. Nc2 Nf7 $17 {is also an idea.}) 20. Nc2
b5 21. Ne3 Ba6 22. Rf2 bxc4 23. Nxc4 Bxc4 (23... Qe1+ 24. Rf1 Qb4 25. b3 Rad8
$19 {may well be more exact than the text.}) 24. Qxc4 e3 25. Rf1 Rab8 26. d6+ (
26. Bb3 Rb4 27. Qd3 e2 28. Nxe2 c4 29. Bxc4 Qc5 $19) 26... Kh7 27. Rb1 Qd2 28.
b4 (28. Bf3 Rfd8 29. Rbd1 Qxb2 30. Qxc5 h4 $19) 28... cxb4 29. d7 h4 (29...
Rfd8 30. Ba4 h4 $19) 30. Ne2 Rfd8 31. Nxd4 Qxd4 $19 {Due to bad opening play
White has found himself in an hopeless situation.} 32. Be2 (32. Qe2 Rxd7 $19)
32... Qxc4 33. Bxc4 Rxd7 34. Rfd1 Rd2 35. Rxd2 exd2 36. Rd1 Bc3 37. Kf2 Re8 38.
Kf3 Re1 39. Bb3 Kg7 40. g3 hxg3 41. hxg3 (41. Kxg3 Kf6) 41... Kf6 42. g4 Ke7
43. gxf5 (43. Kg3 Kd6 44. Kh4 Kc5 45. Kg5 Kd4 46. Kxg6 fxg4 $19) 43... gxf5 44.
Kg3 Kd6 45. Kf3 (45. Kh4 Kc5 46. Kg5 Kd4 $19) 45... Kc5 ({Black easily wins
after} 45... Kc5 46. Ba4 Kb6 (46... Kd4 47. Bc2 Kc4 48. Kf2 Kb5 $19) 47. Kg3
Ka5 48. Bc2 Kb5 $19) 0-1

[Event "SRB-chT Central"]
[Site "Kragujevac"]
[Date "2013.09.19"]
[Round "8.4"]
[White "Tosic, Miroslav"]
[Black "Atalik, Suat"]
[Result "0-1"]
[WhiteElo "2412"]
[BlackElo "2566"]
[Annotator "Atalik,S"]
[PlyCount "82"]
[EventDate "2013.09.14"]
[EventType "team-tourn"]
[EventRounds "11"]
[EventCountry "SRB"]
[SourceTitle "CBM 158"]
[Source "ChessBase"]
[SourceDate "2014.01.16"]
[SourceVersion "1"]
[SourceVersionDate "2014.01.16"]
[SourceQuality "1"]
[WhiteTeam "Pirot Progres"]
[BlackTeam "Kraljevo Sloga Turist"]
[WhiteTeamCountry "SRB"]
[BlackTeamCountry "SRB"]

1. Nf3 d5 2. d4 Nf6 3. c4 e6 4. Nc3 c6 5. Qb3 $5 {A move I myself like to play
from time to time.} Nbd7 ({The most reliable reaction is Meranish} 5... dxc4 6.
Qxc4 b5 7. Qd3 a6 (7... Nbd7 8. e4 b4 9. Na4 Qa5 10. b3 c5 $13) (7... Bb7 8. e4
b4 9. Na4 Qa5 10. b3 c5 11. Ne5 cxd4 12. Qb5+ Qxb5 13. Bxb5+ Ke7 14. Nc5 Bxe4
15. Bb2 $44) 8. e4 (8. Bg5 c5 9. Bxf6 gxf6 $13) 8... c5 9. dxc5 Bxc5 $1 $11) 6.
Bg5 (6. g3 Nb6 7. c5 Nbd7 8. Qa4 e5 $132) 6... h6 (6... a5 7. cxd5 exd5 8. e3
Be7 9. Bd3 O-O 10. O-O Re8 {brings back the Karlsbad!}) 7. Bxf6 $5 (7. Bh4 Qa5
8. e3 Ne4 9. Bd3 g5 10. Bg3 Nxg3 11. hxg3 Bg7 $132) 7... Nxf6 (7... Qxf6 {
would have transposed into the Moscow Variation.}) 8. e3 g6 (8... Bd6 9. Bd3 b6
10. O-O O-O 11. e4 dxe4 12. Nxe4 Nxe4 13. Bxe4 Qc7 $14) (8... g5 $5 {are the
other options to handle the position.}) 9. Be2 Bg7 10. O-O O-O 11. Rfd1 (11.
Ne5 c5 12. dxc5 Ne4 13. Nxe4 dxe4 14. f4 exf3 15. Nxf3 Qc7 16. Qa3 Bd7 17. Rad1
a5 $44) 11... Qb6 12. Qc2 Bd7 (12... dxc4 13. Bxc4 Bd7 14. e4 (14. Ne5 Rfd8)
14... Rfd8 15. e5 Nd5 16. Ne4 Be8 17. Nd6 Bf8 $11) 13. Rac1 (13. Ne5 $5) 13...
Rfd8 ({Absolute equality should be reached by} 13... dxc4 14. Bxc4 c5 15. d5
exd5 16. Nxd5 (16. Bxd5) 16... Nxd5 17. Bxd5 Rfd8 $11) 14. Na4 Qc7 15. Nc5 Be8
16. b4 $1 {White has gained space on the queenside.} a5 (16... dxc4 17. Bxc4 a5
18. a3 b6 19. Nd3 axb4 20. axb4 $14) 17. b5 cxb5 (17... b6 $142 18. Na4 dxc4
19. Qxc4 Nd5 {would have kept the position fluid.}) 18. cxb5 Rdc8 19. Qb1 Qe7
20. Bd3 Nh7 $5 (20... b6 21. Na4 Rxc1 22. Rxc1 Qa3 23. Qc2 Nd7 24. e4 e5 $1 25.
dxe5 Rb8 26. exd5 Nxe5 27. Nxe5 Bxe5 $44) 21. Qb3 Nf8 22. Rc2 Rc7 23. Rdc1 Rac8
24. h3 $11 {The position is locked.} Bf6 (24... e5 25. Qxd5 exd4 26. Nxd4 (26.
exd4 b6 27. Na4 Rxc2 28. Rxc2 Rxc2 29. Bxc2 Qe2 30. Bb3 Ne6 31. Nxb6 Nxd4 32.
a4 Qd3 33. Bc4 Qd1+ 34. Kh2 Nxf3+ 35. gxf3 Qd4 36. Qxd4 Bxd4 37. Nd5 Bxf2 $11)
26... Rd8 27. Qf3 b6 28. Ne4 Rxc2 29. Rxc2 Bxd4 30. exd4 Kg7 $44) (24... f5 $5)
25. a4 Bg7 $5 {The start of a tactical operation.} (25... Rd8 $2 26. Ne4) (
25... b6 26. Na6 Rxc2 27. Rxc2 Qd8 28. Rxc8 Qxc8 29. Qc2 Qxc2 30. Bxc2 Nd7 31.
Nc7 Kf8 $11 {reaches full equality.}) 26. g3 f5 27. Bf1 e5 $2 {Despite the
fact that it worked in this game, there was a huge hole in this line.} 28. b6
$1 (28. Qxd5+ $4 Bf7) 28... Rc6 29. Bb5 Rxb6 30. Nxe5 $2 (30. dxe5 Bf7 (30...
Bxb5 31. axb5) 31. Qb2 $16) 30... Bxe5 31. Qxd5+ (31. dxe5 Qxe5 32. Nd3 Rxc2
33. Qxc2 Qe4 34. Bxe8 Qxe8 35. Qc7 Rc6 36. Qxa5 Rxc1+ 37. Nxc1 Qc6 38. Nb3 Ne6
$11) 31... Kh7 (31... Qf7 32. Qxe5 Bxb5 33. axb5 Rxb5 34. Qd6 $16) (31... Kh8
$4 32. Bc4 $18 {shows athe huge difference between the two squares for the
king.}) 32. dxe5 $2 (32. Bc4 $2 h5) (32. Bxe8 $142 Bxg3 33. Qf7+ Qxf7 34. Bxf7
Bd6 35. Bd5 $16) 32... Bxb5 33. axb5 Rxb5 {I thought that the pin which should
disturb White's pieces at least momentarily combined with two passers gives a
good game.} 34. Qd4 b6 $2 $138 (34... Rd8 $2 35. Qa4 $18) (34... Rc6) ({or} 
34... Rc7 {and the game continues in a balanced position.}) 35. Nd3 $2 $138 (
35. Nd7 $1 Rxc2 36. Nxf8+ $18) 35... Rxc2 36. Rxc2 Rb1+ (36... Ne6 {brings
insane complications.} 37. Qa4 (37. Qd6 $2 Qxd6 38. exd6 Rd5 39. Rc7+ Kg8)
37... Rd5 38. Nf4 Rd1+ 39. Kh2 Qb7 40. Rc6 Ng5 41. Nxg6 Nf3+ 42. Kg2 Ne1+ 43.
Kf1 Qa6+ 44. Rc4 Rc1 45. Qd7+ Kxg6 46. Qe6+ $11) 37. Kg2 (37. Nc1 Ne6 38. Qd5
$13 (38. Qd6 $6 Qxd6 39. exd6 Kg7 $17)) (37. Rc1 $6 Rxc1+ 38. Nxc1 b5 $36)
37... Rd1 38. Qd5 $1 Ne6 $2 {The position is full of tricks and we were not up
to them.} (38... a4 $5) 39. Rc3 $2 (39. Rc8 $4 Rxd3 40. Qxd3 Qb7+ 41. e4 Qxc8
42. exf5 Nc5 43. fxg6+ Kg7 $19) (39. Rc6 $1 Nc5 40. Rxg6 $3 (40. Rc8 $2 Qg7 41.
Qc6 Rxd3 42. e6 Nxe6 43. Qxe6 Rd7 (43... Qb7+ 44. Kh2) 44. Qxb6 Ra7 $11) 40...
Kxg6 41. Qg8+ Qg7 42. Nf4+ $18 {is what we both missed.}) 39... Nc5 $17 {
Only now did White become worse.} 40. e6 (40. f4 a4 41. Kf3 Rd2 42. g4 Qg7 43.
h4 Ne4 44. Rc8 Nc5 $19) 40... Nxd3 $1 (40... Rxd3 $4 41. Rxd3 Nxd3 42. Qd7 $18)
41. Kh2 $2 ({Objectively speaking White should have gone for the technically
lost queen ending.} 41. Rxd3 Rxd3 42. Qxd3 Qxe6 43. Qb5 Kg7 $17) (41. Qd7 $2
Ne1+ $19) 41... Nxf2 {and Miroslav surprisingly resigned.} ({White had a last
trick up his sleeve with} 41... Nxf2 42. Qe5 $1 Rd2 $1 (42... Rd6 $4 43. Rc8
$18) 43. Kg1 Nd3 44. Qd5 Qg7 $1 45. e7 Qxe7 46. Rxd3 Rxd3 47. Qxd3 a4 $19) 0-1

[Event "YUG-Cup"]
[Site "Herceg Novi"]
[Date "2000.06.01"]
[Round "6"]
[White "Atalik, Suat"]
[Black "Lastin, Alexander"]
[Result "0-1"]
[WhiteElo "2575"]
[BlackElo "2510"]
[Annotator "Atalik,S"]
[PlyCount "116"]
[EventDate "2000.05.27"]
[EventType "swiss"]
[EventRounds "7"]
[EventCountry "YUG"]
[SourceTitle "EXT 2003"]
[Source "ChessBase"]
[SourceDate "2002.11.25"]
[SourceVersion "1"]
[SourceVersionDate "2002.11.25"]
[SourceQuality "1"]

1. d4 d5 2. c4 c6 3. Nf3 e6 4. Nc3 Nf6 5. Bg5 h6 6. Bh4 dxc4 7. e4 g5 8. Bg3 b5
9. Be2 Bb7 10. h4 b4 $6 (10... g4 11. Ne5 h5 (11... b4 $2 12. Na4 Nxe4 13. Bxc4
Nxg3 14. fxg3 Nd7 15. Nxf7 Kxf7 16. Qxg4 $40)) 11. Na4 Nxe4 12. Be5 f6 13. Bxb8
$1 Qxb8 (13... Rxb8 14. hxg5 $16) 14. hxg5 Nxg5 15. Nxg5 fxg5 16. Bh5+ $1 (16.
Bxc4 Qf4) 16... Kd8 17. Qe2 $6 (17. Nc5 $1 Bxc5 18. dxc5+ Kc8 (18... Ke7 $2 19.
Qd4 Qf8 (19... Rg8 20. Rd1 Qc7 21. Qe4 Kf8 22. Rh3 $16) 20. Qd6+ (20. Rd1 Rd8
21. Qe5 Rxd1+ (21... Bc8 22. Rh3 Rxd1+ 23. Kxd1) 22. Bxd1 Bc8 23. f4 gxf4 24.
Rf1 $18) 20... Kf6 21. Qd4+ e5 22. Qxc4 a5 23. Rh3 $18) 19. Qe2 Qf4 20. Qxe6+
Kb8 21. O-O $16) 17... Qf4 18. Rh3 g4 19. Bxg4 Rg8 20. Bf3 $6 (20. Bxe6 $2 Rxg2
21. Kf1 Rg7 $1 (21... Qg5 $2 22. Qf3 Rg1+ 23. Ke2 Be7 24. Rxg1 Qxg1 25. Rg3 $18
) (21... Rh2 $2 22. Rxh2 Qxh2 23. Qf3 $36) (21... c5 $2 22. Nxc5 Bxc5 23. dxc5
$16) 22. Rf3 Qh2 23. Rxf8+ Kc7 24. Rf7+ Rxf7 $19) (20. f3 $5) 20... Kc7 21. Be4
(21. Qxc4 Rd8 22. Rd1 Rg5) 21... Rg7 22. Re3 Ba6 23. g3 Qg5 24. Bf3 $6 (24. Bg2
Rd8 25. Re5 Qf6 26. Qe4 Bb7 27. Rc1 Rf7 28. Qe3 $14) 24... Rd8 25. Re5 Qf6 26.
Qe4 $1 (26. Rxe6 $2 Qxe6 27. Qxe6 Re7 28. Nc5 Bc8 $17) 26... Bb7 27. Qe3 Bd6
28. Re4 Rf8 29. Be2 Re7 30. Bxc4 e5 31. dxe5 Rxe5 32. Rxe5 Qxe5 33. Qxe5 Bxe5
34. Rd1 Bd6 35. b3 c5 36. Rd2 Rf5 37. f4 h5 38. Rh2 Bf3 39. Be2 $2 $138 (39.
Nb2 $1 $14) 39... Bxe2 40. Kxe2 $2 (40. Rxe2 c4 41. bxc4 Ra5 42. c5 Bf8 43. Re8
Bh6 44. Nb2 Rxa2 45. Nd3 $11) 40... c4 41. Ke3 $6 (41. Nb2 c3 42. Nc4 $132)
41... c3 42. Ke4 Rb5 43. Rc2 Rb8 44. Nb2 Re8+ 45. Kf3 Bc5 46. Nc4 Re1 47. Rh2
Rf1+ $6 (47... Kc6 $1) 48. Ke4 Bf2 49. Kd3 $2 (49. Ne3 Bxg3 50. Rh3 Rxf4+ 51.
Kd3 Rf3 52. Ke4 Rxe3+ 53. Kxe3 h4 54. Rh1 Kd6 55. Ke4 $132) 49... Bxg3 50. Rxh5
Bxf4 51. Rc5+ Kd7 52. a3 a5 (52... Rf2 $5 53. axb4 c2 54. Ne3 Rf3 55. Ke4 Bxe3
56. Rxc2 Rf2 $19) 53. axb4 axb4 54. Nb6+ Kd6 55. Na4 Rf2 56. Rc4 Rd2+ 57. Ke4
Be5 58. Ke3 $2 (58. Nc5 c2 59. Nb7+ Ke6 60. Rc6+ (60. Nc5+ Kf6 61. Nd3 Bc3 $19)
60... Kd7 61. Rxc2 Rxc2 62. Kxe5 Kc7 $19) 58... Bd4+ 0-1

[Event "Alushta"]
[Site "Alushta"]
[Date "1999.03.11"]
[Round "9"]
[White "Malakhatko, Vadim"]
[Black "Atalik, Suat"]
[Result "1/2-1/2"]
[WhiteElo "2496"]
[BlackElo "2593"]
[Annotator "Atalik,S"]
[PlyCount "29"]
[EventDate "1999.03.03"]
[EventType "tourn"]
[EventRounds "11"]
[EventCountry "UKR"]
[EventCategory "10"]
[SourceTitle "CBM 070"]
[Source "ChessBase"]
[SourceDate "1999.06.08"]
[SourceVersion "1"]
[SourceVersionDate "1999.06.08"]
[SourceQuality "1"]

1. d4 d5 2. Nf3 Nf6 3. c4 e6 4. Nc3 c6 5. Bg5 h6 6. Bh4 dxc4 7. e4 g5 8. Bg3 b5
9. Be2 Nbd7 10. e5 Nd5 11. h4 g4 12. Nd2 h5 13. Nde4 Bb7 14. O-O Qb6 15. a4 {
Here white has offered a draw which was accepted.} (15. a4 a6 $13) 1/2-1/2

[Event "Hoogovens-B"]
[Site "Wijk aan Zee"]
[Date "1997.01.25"]
[Round "4"]
[White "Atalik, Suat"]
[Black "Bacrot, Etienne"]
[Result "0-1"]
[WhiteElo "2555"]
[BlackElo "2500"]
[Annotator "Atalik,S"]
[PlyCount "62"]
[EventDate "1997.01.21"]
[EventType "tourn"]
[EventRounds "11"]
[EventCountry "NED"]
[EventCategory "10"]
[SourceTitle "CBM 057"]
[Source "ChessBase"]
[SourceDate "1997.04.01"]
[SourceVersion "1"]
[SourceVersionDate "1997.04.01"]
[SourceQuality "1"]

1. d4 {Lutz} d5 2. c4 c6 3. Nf3 Nf6 4. Nc3 e6 5. Bg5 h6 6. Bxf6 Qxf6 7. Qc2 $5
{Bu pozisyon da ki ilginc hamlelerden biri daha.7.g3 de herhalde bundan
sonraki oyunlarimdan birinde uygulanacak.bu sonuncusu GM Nigel Short a gore
Moskova Sistemine karsi en etkilisi.} Nd7 {Tabii ki sistemin en zorlanacagi
hamle 7...dc4.Aynen 7.a3 devamyolunda oldugu gibi en etkili hamle c4 erini
almak.} 8. e4 dxe4 9. Qxe4 {Weiß kommt in dieser Variante zwar schenll zu
e2-e4, aber die Qe4 steht ungünstig.} g6 {Die Fianchetierung des Läufers nach
g7 wurde in der Variante 7.Qc2 noch nicht so häufig angewandt. Aber es scheint,
als ob Schwarz zum befreienden ...e6-e5 oder ...c6-c5 kommt.} 10. Bd3 Bg7 11.
O-O (11. Qe3 {Lutz} O-O 12. O-O e5 13. d5 Nb6 14. Rfe1 Re8 15. a4 cxd5 {
1/2-1/2 Babula,V-Dreev,A/Erevan olm 1996}) 11... O-O 12. Rfe1 (12. Qe3 {Lutz}
e5 (12... b6 13. Rfe1 Bb7 14. Ne4 Qe7 15. c5 $16 {Huzman,A-Timoshchenko,G/USSR
1982. Sowohl ...c5 als auch ...e5 sind verhindert.}) 13. d5 Nb6 14. Rfe1 Bf5 $6
(14... Re8 $5 {- 11.Qe3}) 15. Bxf5 Qxf5 16. dxc6 bxc6 17. b3 e4 18. Nd4 Qe5 19.
Rad1 f5 20. f3 Rfe8 21. fxe4 f4 22. Qf2 $16 {1-0 Matveeva,S-Galliamova,A/
Belgrade Yugometal 1996 (51)}) 12... c5 13. d5 Nb6 14. d6 {Burasi partinin
ilginc noktalarindan biri 2 Cleveland li buyukustanin ABD de oynadigi ve
databaselerde olmayan bu oyunda fikir ilk kez uygulandi.Bahsi gecen
Yermolinsky-Serper oyununu beyazlar rahatca kazandilar.Wijk Aan Zee Dieser Zug
ist sehr zweischneidig, da der Freibauer auf d6 schwach werden kann.
Andererseits hat Weiß überhaupt nichts mehr, wenn Schwarz zu ...exd5 gelangt.
Offenbar verspricht der weiße Aufbau nichts.} Qd8 $8 (14... Rd8 $2 15. Qe3 $1 {
devamyolunun puf noktasidir.}) 15. Qf4 (15. Nb5 Bd7 16. Nc7 Bc6 17. Qf4 Rc8 {
beyazlara bir sey kazandirmaz.}) 15... Bd7 {[#] Dieser Zug wird durch die
folgende Kombination gerechtfertigt. Ansonsten hatte Schwarz noch die
Alternative 15...e5!?:} (15... e5 {Lutz} 16. Nxe5 Qxd6 17. Nxg6 $2 (17. Rad1
Qf6 $11) 17... Qxd3 18. Nxf8 Bxf8) 16. Rad1 $2 (16. Ne5 Bc6 {Bu hamle benim en
cekindigim hamleydi.} (16... Rc8 17. Rad1 Qg5 18. Qe3 $1 (18. Qxg5 hxg5 19. b3
(19. Nf3 g4 20. Ne5 Rfd8 21. Nxg4 Bxc3 22. bxc3 Ba4 23. Rb1 Rxd6 $17) 19...
Rfd8) 18... Qxe3 19. Rxe3 Rfd8 20. Be2 Bc6 21. f4 $13) 17. Nxc6 bxc6 18. Rad1
Nd7 (18... e5 19. Qf3 Qxd6 20. Be4 Qf6 21. Qxf6 Bxf6 22. Bxc6 Rac8 23. Bd5 $16)
19. Be4 Rc8 20. Na4 Qa5 21. b3 $16) 16... Bc6 17. Be4 $2 (17. Ne5 Qxd6 18. Nxg6
(18. Bxg6 $4 fxg6 19. Qg4 $17) 18... Qxf4 19. Nxf4 $11) (17. Be2 $13) (17. Bf1
{Lutz} Qf6 $5) 17... Nxc4 $1 {Überraschenderweise funktioniert dieser Zug.
Ansonsten wäre die Lage schwierig für Schwarz.} (17... Rc8 $6 {Lutz} 18. Bxc6
Rxc6 19. Nb5 $5 a6 $140 20. Na7 $1) 18. Bxc6 Nxb2 19. Bxb7 $2 (19. Ne4 Nxd1 20.
Rxd1 bxc6 21. Ne5 $44 {tek devamyoluydu.Simdi beyazlar forse kaybediyorlar.}) (
19. Bb5 {Lutz} Bxc3 20. Rc1 $5 (20. Qxh6 Bg7 {/\ ...Nxd1}) 20... Bxe1 (20...
Bg7 $5) 21. Rxe1 (21. Qxh6 Qf6) 21... Kh7 22. Qe5 Qb6) 19... Rb8 20. Ne5 (20.
Rc1 $5 {Lutz} Nd3 (20... Rxb7 $5) 21. Qe4 Nxe1 22. Nxe1 Qxd6 $15) 20... Nxd1
21. Nc6 Qb6 22. Rxd1 (22. Nxb8 {Lutz} Nxc3 23. Nd7 Ne2+ $19) 22... Rxb7 23.
Ne7+ Kh7 24. Ne4 f5 25. Ng5+ hxg5 26. Qxg5 Rxe7 (26... Rf6 $2 {umulmayacak bir
hata olurdu.} 27. Qh4+ $18) 27. dxe7 Re8 28. h4 Qc7 29. h5 Qxe7 30. Qxg6+ Kh8
31. Rd3 c4 0-1

[Event "Chennai op 10th"]
[Site "Chennai"]
[Date "2018.01.24"]
[Round "9"]
[White "Atalik, Suat"]
[Black "Raghunandan, Kaumandur Srihari"]
[Result "1/2-1/2"]
[WhiteElo "2538"]
[BlackElo "2402"]
[Annotator "Atalik,S"]
[PlyCount "61"]
[EventDate "2018.01.18"]
[EventType "swiss"]
[EventRounds "10"]
[EventCountry "IND"]
[SourceTitle "CBM 183"]
[Source "ChessBase"]
[SourceDate "2018.03.14"]
[SourceVersion "1"]
[SourceVersionDate "2018.03.14"]
[SourceQuality "1"]

1. d4 d5 2. c4 c6 3. Nf3 Nf6 4. Nc3 e6 5. Bg5 {I had intentions of following
modern theory that day!} h6 6. Bxf6 Qxf6 7. Qb3 $5 {The trend is with
Aronian's move these days.} Nd7 8. e4 dxe4 9. Nxe4 Qf4 10. Bd3 e5 {The main
line and perhaps it is the most tactical one with many twists not yet
discovered.} 11. Bc2 $5 $146 {I believe every serious player with Aronian no
exception has had this on their board but they have decided against it. Alas I
have just found it interesting and changed my pre-game decision} (11. O-O Be7 (
11... f5 $2 12. Ng3 (12. Rae1 $5 fxe4 13. Rxe4 Qf7 14. Rxe5+ $5 $44) 12... e4
13. Rfe1 Kd8 14. Nxe4 fxe4 15. Rxe4 Qf7 16. Rae1 $44) 12. Rae1 (12. Rfe1 exd4
13. Bc2 O-O 14. Qd3 (14. Ng3 Nc5) 14... g6 15. Qxd4 Nc5 $11) 12... exd4 13. Bb1
O-O 14. Ng3 Nc5 15. Qd1 $5 {results in a complex position.} (15. Qa3 $5)) 11...
exd4 (11... Be7 12. g3 Qg4 13. O-O-O) 12. g3 {The core of White's concept is
linked with long castling.} (12. Nxd4 Nc5 13. Qg3 Qxg3 14. hxg3 Nxe4 15. Bxe4
Bb4+ 16. Ke2 Bg4+ 17. f3 Bd7 $11) 12... Qc7 13. O-O-O {Now my talented
opponent sank into deep thought.} (13. Nxd4 Qa5+ 14. Ke2 $1 {seems too good to
be true.} (14. Kf1 $2 Nc5)) (13. O-O $5) {At first I thought that it was a
mistake.} 13... Nc5 $1 (13... f5 14. Rhe1) (13... c5) 14. Nxc5 Bxc5 15. Rhe1+
$1 (15. Qd3 Be6 16. Nxd4 O-O-O $17) (15. Nxd4 O-O 16. Qd3 g6 17. h4 h5 $17)
15... Be6 $1 {Only after this move I discovered that Black has the luxury of
castling either side.} (15... Be7 $2 16. Ne5 $1 (16. Rxd4 O-O 17. Qd3 g6 18.
Qd2 Bf6 19. Rd6 Bg7 20. c5 $36) 16... c5 (16... Be6 17. f4) 17. Qa4+ Bd7 18.
Nxd7 Qxd7 19. Re5 $1 $16 {with a vicious attack.}) 16. Nxd4 (16. Bf5 $2 O-O $1
(16... O-O-O 17. Bxe6+ fxe6 18. Ne5 (18. Rxe6 Qf7 19. Re4 g5)) 17. Bxe6 fxe6
18. Ne5 (18. Rxe6 $2 Qf7 $19) 18... Rxf2 19. Nd3 Rf3 $1 $17) 16... O-O-O 17.
Nxe6 $6 {I regretted this decision of mine.} (17. Qc3 Bxd4 18. Rxd4 Rxd4 19.
Qxd4 Qa5 20. Rd1 {I could not make the whole line work.} Qxa2 (20... f6 $5) (
20... Rd8 21. Qxg7 Rxd1+ 22. Kxd1 Qxa2 23. b3 $11) 21. Qxg7 Qa1+ 22. Bb1 Re8 $1
{This special position was the cause of my worries.} 23. Qe5 $1 {is another
move I missed and I like White's position.}) 17... fxe6 18. f4 (18. f3 e5)
18... g5 19. Qf3 gxf4 $6 {Confusing the move order helped White to equalise.} (
19... Rxd1+ $142 20. Bxd1 $8 gxf4 21. Qxf4 Qxf4+ 22. gxf4 Bd6 23. Re4 $1 Rf8
24. Rxe6 Kd7 25. Rg6 Bxf4+ 26. Kc2 Bxh2 27. Bg4+ Kc7 28. Rxh6 Rf2+ 29. Kd3 Rxb2
30. c5 a5 31. Rh8 b5 32. Rh7+ Kb8 33. Bf3 $11) 20. Qxf4 Qxf4+ 21. gxf4 Rxd1+
22. Kxd1 $1 Bd6 23. Rxe6 Bxf4 24. Bf5 $11 Kc7 (24... Rd8+ 25. Rd6+ (25. Ke2)
25... Kc7 26. Rxd8 Kxd8 $11) 25. Re7+ Kb8 26. h4 h5 27. Kc2 Bg3 28. Bg6 (28.
Re4 Rf8 29. Bg6 Rf2+ 30. Kc3 Rf4 $11) 28... Bxh4 29. Re8+ Rxe8 30. Bxe8 Kc7 31.
Bxh5 1/2-1/2